The Dance of Siva fourteen Indian Essays (Record no. 38914)
[ view plain ]
| 000 -LEADER | |
|---|---|
| fixed length control field | 00302nam a22001097a 4500 |
| 020 ## - INTERNATIONAL STANDARD BOOK NUMBER | |
| ISBN | 9788119139125 |
| 100 ## - MAIN ENTRY--AUTHOR NAME | |
| Personal name | Coomaraswamy, Ananda K. |
| 245 ## - TITLE STATEMENT | |
| Title | The Dance of Siva fourteen Indian Essays |
| Statement of responsibility, etc | By Ananda K. C oomaraswamy |
| 260 ## - PUBLICATION, DISTRIBUTION, ETC. (IMPRINT) | |
| Place of publication | New Delhi: |
| Name of publisher | Manohar, |
| Year of publication | 2023. |
| 300 ## - PHYSICAL DESCRIPTION | |
| Number of Pages | 196p. |
| 942 ## - ADDED ENTRY ELEMENTS (KOHA) | |
| Source of classification or shelving scheme | Dewey Decimal Classification |
| Koha item type | Books |
No items available.
